1843 1248 1413 1259 1369 1230 1673 1657 1706 1208 1213 1302 1957 1820 1169 1717 1997 1049 1048 1037 1940 1860 1520 1934 1902 1480 1938 1232 1931 1654 1256 1111 1335 1661 1470 1802 1967 1022 1177 1713 1098 1194 1976 1930 1478 1006 1955 1987 1278 1673 1346 1157 1134 1799 1136 1391 1704 1270 1011 1585 1785 1224 1709 1027 1859 1736 1174 1517 1073 1622 1827 1444 1598 1210 1915 1100 1386 1438 1535 1083 1166 1598 1714 1650 1430 1997 1284 1787 1155 1493 1792 1769 1918 1274 1672 1847 1177 1179 1559 BCNSPRNW ULIB Ver.6.0+V

เปลี่ยนเป็นภาษาไทย

Change to English
 แสดงรายละเอียดบรรณานุกรม
  กลับหน้าหลัก

Brief Record : Get Marc (ISO 2709) : E-mail record : QR code < ปิดหน้าต่าง
LEADER : 00000nam 2200000uu 4500
001    13399113799
003     ULIB
008    120105s2549||||th 000 0 tha d
020    ^a9789749869635
050 04 ^aA^bน624W 2549
100 0  ^aนิภาพัชร์ ปิ่นสุวรรณ
245 10 ^aWhere? รู้รอบสถานที่มหัศจรรย์ของโลก /^cนิภาพัชร์ ปิ่นสุวรรณ
250    ^aพิมพ์ครั้งที่ 1
260    ^aกรุงเทพฯ :^bอักษรเจริญทัศน์,^c2549
300    ^a191 หน้า :^bภาพประกอบ
440  0 ^aหนังสือเสริมการเรียนรู้ ชุด สรรพ์สาระของโลก
650  7 ^aโลก^xภูมิประเทศและการท่องเที่ยว
650  7 ^aความรู้ทั่วไป
945    ^p170^l0^i24860
995    ^aกัณชพร
999    ^aใช้งานได้ทุกระบบ
รายการนี้ยังไม่มีแท็ก
คุณยังไม่ได้ล็อกอิน คุณสามารถมีกิจกรรมร่วมกับเว็บไซต์ได้ แต่ต้องล็อกอินก่อน ::
  ล็อกอิน

รายการสื่อสารสนเทศ

ลำดับที่ ประเภท เลขเรียก/บาร์โค้ด สถานที่ สถานะ
- ไม่พบข้อมูล -

รายการใกล้เคียง
    ผู้แต่ง [นิภาพัชร์ ปิ่นสุวรรณ]

    หัวเรื่อง [ความรู้ทั่วไป]

BibComment


ยังไม่เคยถูกคอมเมนท์

คอมเมนท์ทรัพยากรรายการนี้
  คอมเมนท์: Where รู้รอบสถาน..


 Copyright 2026. Bcnsprnw @Library